000 00377nam a2200169Ia 4500
005 20240823011615.0
008 240823s9999||||xx |||||||||||||| ||und||
082 _A297.095
100 _aNaipaul V S
245 0 _aLetters between Father and Son
250 _a1st
260 _b"Abacus,L"
500 _aYES
650 _aGeneral
_bGeneral
942 _cBK
999 _c162027
_d162027